[Event "22nd Open"]
[Site "Cappelle la Grande FRA"]
[Date "2006.02.20"]
[Round "3"]
[White "Gdanski,J"]
[Black "Totsky,L"]
[Result "1/2-1/2"]
[WhiteElo "2540"]
[BlackElo "2496"]
[EventDate "2006.02.18"]

1. e4 e6 2. d4 d5 3. Nc3 Be7 4. e5 b6 5. Qg4 g6 6. Nf3 Ba6 7. Bxa6 Nxa6 8.
Bg5 h6 9. Bxe7 Nxe7 10. O-O-O Nf5 11. h4 h5 12. Qf4 Qe7 13. Ng5 O-O-O 14.
f3 Rd7 15. g4 Ng7 16. Kb1 c6 17. Ne2 Nc7 18. Nc1 Kb7 19. Nd3 Nge8 20. Qe3
Ng7 21. a3 a5 22. Qf4 Nge8 23. Rc1 Ng7 24. Qe3 Rdd8 25. c4 Rd7 26. Nf4 Rdd8
27. Qf2 dxc4 28. Rxc4 Nd5 29. Nd3 Ne8 30. Rhc1 Rc8 31. Ka1 Rf8 32. Qe1 Rh8
33. Qf2 Rf8 34. Qe1 Rh8 35. Ka2 Rc7 36. Qg3 Ne3 37. R4c3 Nd5 38. R3c2 Ne3
39. Re2 Nd5 40. Ka1 Ng7 41. Qe1 Rd8 42. Ne4 Ne8 43. Rec2 Rdc8 44. gxh5 gxh5
45. Rg2 f5 46. exf6 Nexf6 47. Ng5 Re8 48. Re2 Qd6 49. Rxe6 Rxe6 50. Qxe6
Qh2 51. Nf7 Qd2 52. Nd8+ Ka6 53. Qf5 Ne3 54. Qxf6 Qxd3 55. Rxc6 Rxc6 56.
Qxc6 Qxd4 57. Ne6 Qd1+ 58. Ka2 Qd5+ 59. Qxd5 Nxd5 60. Ng7 Nf4 61. Kb3 Kb5
62. Nf5 a4+ 63. Kc3 Kc5 64. Ng3 b5 65. Ne4+ Kc6 66. Nf6 Kc5 67. Nd7+ Kd6
68. Nf6 Kc5 69. Ne4+ Kc6 70. Ng3 Kc5 71. Nf5 Ng6 72. Kd3 Kd5 73. Ne3+ Ke5
74. Kc3 Nxh4 75. Kb4 Nxf3 76. Kxb5 h4 77. Kxa4 h3 78. Nf1 Kf4 79. b4 Nd2
80. b5 Nxf1 81. b6 h2 82. b7 h1=Q 83. b8=Q+ Ke3 84. Qb6+ Ke2 85. Qb5+ Kf2
86. Qf5+ Ke2 87. Qg5 1/2-1/2

[Event "22nd Open"]
[Site "Cappelle la Grande FRA"]
[Date "2006.02.20"]
[Round "3"]
[White "Zagrebelny,S"]
[Black "Li Shilong"]
[Result "1-0"]
[WhiteElo "2497"]
[BlackElo "2543"]
[EventDate "2006.02.18"]

1. e4 c5 2. Nf3 e6 3. d4 cxd4 4. Nxd4 Nc6 5. Nc3 Qc7 6. g3 a6 7. Bg2 d6 8.
O-O Bd7 9. Nxc6 Bxc6 10. a4 Nf6 11. a5 Be7 12. Be3 Nd7 13. Na4 O-O 14. Nb6
Rae8 15. c4 Nxb6 16. Bxb6 Qc8 17. Re1 f5 18. Qd3 e5 19. exf5 Bxg2 20. Kxg2
Rxf5 21. Re4 Ref8 22. Rd1 h5 23. h3 Rf3 24. Qe2 Qe6 25. Rd3 R3f5 26. Rb3
Qf7 27. g4 hxg4 28. hxg4 Rf4 29. Rxf4 Qxf4 30. Be3 Qe4+ 31. f3 Qc6 32. Rb6
Qc8 33. Qd3 Rf7 34. Qd5 Bf8 35. g5 Qf5 36. Rxb7 g6 37. b4 Kg7 38. Rxf7+ 1-0

[Event "22nd Open"]
[Site "Cappelle la Grande FRA"]
[Date "2006.02.20"]
[Round "3"]
[White "Petkov,V"]
[Black "Gashimov,V"]
[Result "0-1"]
[WhiteElo "2512"]
[BlackElo "2625"]
[EventDate "2006.02.18"]

1. d4 Nf6 2. c4 e6 3. Nc3 c5 4. d5 exd5 5. cxd5 Bd6 6. e4 O-O 7. Bd3 Re8 8.
Bg5 h6 9. Bh4 Nxe4 10. Nxe4 Qxh4 11. Qe2 Qd8 12. g4 Na6 13. Bxa6 bxa6 14.
Kf1 Be5 15. Nf3 d6 16. Rg1 f5 17. gxf5 Bxf5 18. Nfd2 Qh4 0-1

[Event "22nd Open"]
[Site "Cappelle la Grande FRA"]
[Date "2006.02.20"]
[Round "3"]
[White "Oleksienko,M"]
[Black "Spraggett,K"]
[Result "1-0"]
[WhiteElo "2509"]
[BlackElo "2581"]
[EventDate "2006.02.18"]

1. e4 c5 2. Nf3 d6 3. d4 Nf6 4. Nc3 cxd4 5. Nxd4 e6 6. Be2 a6 7. O-O Be7 8.
f4 Qc7 9. Be3 O-O 10. g4 d5 11. e5 Ne4 12. Bd3 Nxc3 13. bxc3 Nd7 14. Rf3 g6
15. h4 Nc5 16. h5 Bd7 17. Ne2 Ne4 18. Bd4 f5 19. hxg6 fxg4 20. gxh7+ Kh8
21. Rf1 Bc5 22. Kg2 Bxd4 23. cxd4 Bb5 24. Qe1 Rac8 25. Rc1 Qb6 26. Qb4 Qd8
27. Rh1 Rf7 28. c4 Bxc4 29. Rxc4 Rxc4 30. Bxc4 dxc4 31. Qxc4 Qd7 32. Qc2
Qc6 33. Rc1 Kxh7 34. Ng3 Kg6 1-0

[Event "22nd Open"]
[Site "Cappelle la Grande FRA"]
[Date "2006.02.20"]
[Round "3"]
[White "Zhigalko,S"]
[Black "Chernyshov,K"]
[Result "1-0"]
[WhiteElo "2496"]
[BlackElo "2539"]
[EventDate "2006.02.18"]

1. e4 c5 2. c3 Nf6 3. e5 Nd5 4. Nf3 Nc6 5. d4 cxd4 6. Bc4 Nb6 7. Bb3 d6 8.
exd6 e6 9. cxd4 Bxd6 10. O-O O-O 11. Nc3 Nb4 12. Re1 N4d5 13. Ne4 Be7 14.
a3 Bd7 15. Nc5 Bc6 16. Ne5 Bd6 17. Nxc6 bxc6 18. g3 Be7 19. Bc2 Nd7 20. Qd3
N7f6 21. b4 a5 22. Bd2 axb4 23. axb4 Qc7 24. Rec1 Rfd8 25. Ra6 Rab8 26. Rb1
Bxc5 27. bxc5 Rxb1+ 28. Bxb1 Qb7 29. Bc2 Ra8 30. Rxa8+ Qxa8 31. Kg2 h6 32.
Qb3 Kf8 33. Qa4 Qxa4 34. Bxa4 Ne7 35. Kf3 Ke8 36. Ke2 Kd7 37. h3 Nfd5 38.
Kd3 f5 39. Bd1 Nf6 40. Bf3 Ned5 41. Bg2 g5 42. h4 gxh4 43. gxh4 h5 44. Bg5
Nh7 45. Bf3 Nxg5 46. hxg5 h4 47. Ke2 Nb4 48. Kf1 Nd3 49. g6 Ke7 50. Bxc6
Kf6 51. Be8 h3 52. c6 h2 53. Kg2 Nxf2 54. Kxh2 Ne4 55. c7 Nd6 56. Kg3 1-0

[Event "22nd Open"]
[Site "Cappelle la Grande FRA"]
[Date "2006.02.20"]
[Round "3"]
[White "Zubarev,Al1"]
[Black "Luther,T"]
[Result "0-1"]
[WhiteElo "2508"]
[BlackElo "2569"]
[EventDate "2006.02.18"]

1. Nf3 d5 2. d4 e6 3. c4 Nf6 4. Nc3 Bb4 5. cxd5 exd5 6. Bg5 O-O 7. e3 c5 8.
dxc5 Nbd7 9. Be2 Qa5 10. O-O Bxc3 11. bxc3 Ne4 12. c4 Nxg5 13. Nxg5 h6 14.
Nf3 dxc4 15. Bxc4 Nxc5 16. Nd4 Bd7 17. Qf3 Rac8 18. Rfd1 b5 19. Bd5 Na4 20.
Nf5 Bxf5 21. Qxf5 Rc5 22. Rd4 Qc7 23. Qd3 Rc1+ 24. Rxc1 Qxc1+ 25. Qf1 Rc8
26. Rd1 Qc7 27. Bb3 Nc3 28. Rd4 Rd8 29. Qe1 Kf8 30. g3 a5 31. a3 b4 32. Qd2
Qe7 33. Kg2 Ne4 34. axb4 axb4 35. Bxf7 Nxd2 36. g4 b3 37. Bg6 b2 38. h4
b1=Q 39. f4 Nc4 0-1

[Event "22nd Open"]
[Site "Cappelle la Grande FRA"]
[Date "2006.02.20"]
[Round "3"]
[White "Yagupov,I"]
[Black "Shaw,J"]
[Result "1/2-1/2"]
[WhiteElo "2534"]
[BlackElo "2432"]
[EventDate "2006.02.18"]

1. e4 d5 2. exd5 Qxd5 3. Nc3 Qa5 4. d4 Nf6 5. Nf3 Bf5 6. Bd2 c6 7. Bc4 e6
8. Nd5 Qd8 9. Nxf6+ Qxf6 10. Ne5 Bd6 11. Qe2 Nd7 12. Nxd7 Kxd7 13. c3 Qh4
14. a4 h5 15. O-O-O Qe4 16. Qxe4 Bxe4 17. f3 Bd5 18. Bd3 Bb3 19. Bc2 Bxc2
20. Kxc2 a6 1/2-1/2

[Event "22nd Open"]
[Site "Cappelle la Grande FRA"]
[Date "2006.02.20"]
[Round "3"]
[White "Sorokin,M"]
[Black "Zhigalko,A"]
[Result "1/2-1/2"]
[WhiteElo "2560"]
[BlackElo "2505"]
[EventDate "2006.02.18"]

1. Nf3 Nf6 2. c4 g6 3. g3 Bg7 4. Bg2 O-O 5. Nc3 d6 6. O-O a6 7. Rb1 c6 8.
b4 b5 9. d3 e5 10. Nd2 d5 11. cxd5 cxd5 12. a4 bxa4 13. Qxa4 Be6 14. Nb3
Nbd7 15. Ba3 Rc8 16. Nc5 Nxc5 17. bxc5 Bd7 18. Qc2 d4 19. Ne4 Nxe4 20. Bxe4
Bb5 21. Qa2 Rc7 22. Bb4 Qf6 23. c6 Rfc8 24. Ba5 Rxc6 25. Bxc6 Qxc6 26. Bd2
Qd7 27. Rfc1 Re8 28. f3 h5 29. Qa5 h4 30. Rc7 Qh3 31. gxh4 e4 32. Qa2 Re6
33. Rxb5 exf3 34. Rg5 Be5 35. Rc8+ Kg7 36. exf3 Bxh2+ 37. Kf2 Qxh4+ 38. Kf1
Qh3+ 39. Kf2 Qh4+ 40. Kf1 Bg3 41. Rxg3 Qxg3 42. Qd5 Re5 43. Qa8 Qh3+ 44.
Kg1 Qg3+ 45. Kf1 Qh3+ 1/2-1/2

[Event "22nd Open"]
[Site "Cappelle la Grande FRA"]
[Date "2006.02.20"]
[Round "3"]
[White "Tunik,G"]
[Black "Guseinov,G"]
[Result "1/2-1/2"]
[WhiteElo "2469"]
[BlackElo "2607"]
[EventDate "2006.02.18"]

1. d4 Nf6 2. c4 g6 3. Nc3 Bg7 4. e4 d6 5. Nf3 O-O 6. Be2 Bg4 7. Be3 Nfd7 8.
O-O Nc6 9. Rc1 e5 10. d5 Bxf3 11. Bxf3 Nd4 12. Bg4 f5 13. exf5 gxf5 14. Bf3
1/2-1/2

[Event "22nd Open"]
[Site "Cappelle la Grande FRA"]
[Date "2006.02.20"]
[Round "3"]
[White "Khmelniker,I"]
[Black "Belikov,V"]
[Result "1/2-1/2"]
[WhiteElo "2430"]
[BlackElo "2528"]
[EventDate "2006.02.18"]

1. d4 d5 2. Nf3 Nf6 3. c4 dxc4 4. e3 e6 5. Bxc4 c5 6. O-O a6 7. dxc5 Qxd1
8. Rxd1 Bxc5 9. Nbd2 Nbd7 10. Be2 b6 11. Nc4 Bb7 12. Bd2 O-O 13. Rac1 Rac8
14. Be1 1/2-1/2

[Event "22nd Open"]
[Site "Cappelle la Grande FRA"]
[Date "2006.02.20"]
[Round "3"]
[White "Dembo,Y"]
[Black "Goloshchapov,A"]
[Result "1/2-1/2"]
[WhiteElo "2461"]
[BlackElo "2533"]
[EventDate "2006.02.18"]

1. e4 c5 2. Nf3 Nc6 3. d4 cxd4 4. Nxd4 Nf6 5. Nc3 d6 6. Bg5 Qb6 7. Nb3 e6
8. Qd2 a6 9. O-O-O Be7 10. f3 O-O 11. g4 Qc7 12. Be3 b5 13. g5 Nd7 14. f4
Bb7 15. Bd3 Nb4 16. Kb1 Nxd3 17. cxd3 d5 18. Qg2 b4 19. Ne2 a5 20. Rc1 Qb8
21. Ng3 a4 22. Nd4 dxe4 23. dxe4 Nc5 24. Nc6 Bxc6 25. Bxc5 Bxc5 26. Rxc5
Bb5 27. Nh5 Bd3+ 28. Ka1 Qd6 29. Rhc1 a3 30. Qf2 Bxe4 31. b3 Bg6 32. Ng3 f6
33. Rc6 Qd3 34. gxf6 Rxf6 35. R6c4 Rd8 36. Qe1 Qd2 37. Qxd2 Rxd2 38. h4 Rg2
39. h5 Bd3 40. Ne4 Rxf4 41. Rc8+ Rf8 42. Rxf8+ Kxf8 43. Nc5 Bf5 44. Nd7+
Kf7 45. Nb8 Kf6 46. Na6 Rg4 47. Nc5 Rd4 48. Na6 h6 49. Nb8 g6 50. hxg6 Bxg6
51. Nc6 Rf4 52. Re1 Bf5 53. Ne5 h5 54. Nd3 Rd4 55. Ne5 h4 1/2-1/2

[Event "22nd Open"]
[Site "Cappelle la Grande FRA"]
[Date "2006.02.20"]
[Round "3"]
[White "Moser,E"]
[Black "Chatalbashev,B"]
[Result "1-0"]
[WhiteElo "2374"]
[BlackElo "2494"]
[EventDate "2006.02.18"]

1. e4 g6 2. d4 Bg7 3. Nc3 c6 4. Nf3 d5 5. h3 Nf6 6. e5 Ne4 7. Nxe4 dxe4 8.
Ng5 c5 9. e6 fxe6 10. dxc5 Qd5 11. Qe2 Qxc5 12. Nxe4 Qc7 13. c3 Nc6 14. Be3
O-O 15. Rd1 Ne5 16. Qc2 Nc4 17. Bxc4 Qxc4 18. b3 Qc6 19. O-O b5 20. Nc5 a5
21. a4 bxa4 22. Nxa4 Bb7 23. f3 Rf5 24. c4 Raf8 25. Qf2 Ba8 26. Nc5 Rb8 27.
Rd3 Rff8 28. Rfd1 e5 29. Rd8 a4 30. bxa4 e4 31. Nxe4 Qxa4 32. Qe2 Qa5 33.
Rxf8+ Rxf8 34. Qd3 Bc6 35. c5 Qa2 36. Rc1 Kh8 37. Bd4 e5 38. Be3 Rb8 39.
Rc2 Qe6 40. Kh2 h6 41. Qd6 Qxd6 42. cxd6 Bxe4 43. fxe4 Rd8 44. Rc6 Bf8 45.
Bc5 Kg7 46. Kg3 Kf7 47. Kf3 Ke6 48. Ke3 h5 49. h4 Rb8 50. Kd3 Ra8 51. Kc4
Ra4+ 52. Kb5 Rxe4 53. d7+ Kxd7 54. Bxf8 Rg4 55. Bh6 Rxg2 56. Rf6 e4 57. Bg5
Rc2 58. Rxg6 Rc8 59. Rh6 Re8 60. Be3 Rc8 61. Rxh5 Ke6 62. Rc5 Rd8 63. Kc4
Rd3 64. Bd4 Rh3 65. Re5+ Kf6 66. Kd5 Kg6 67. Rxe4 Kf5 68. Re5+ Kg4 69. Bf2
Rh2 70. Be1 Rc2 71. Rg5+ Kf4 72. Bg3+ Kf3 73. Be5 Rd2+ 74. Ke6 Ke4 75. Rg4+
Kf3 76. Rf4+ Ke3 77. h5 Rd8 78. Rg4 Kf3 79. Rf4+ Ke3 80. h6 Re8+ 1-0

[Event "22nd Open"]
[Site "Cappelle la Grande FRA"]
[Date "2006.02.20"]
[Round "3"]
[White "Moroz,A"]
[Black "Bengherabi,K"]
[Result "1/2-1/2"]
[WhiteElo "2506"]
[BlackElo "2165"]
[EventDate "2006.02.18"]

1. e4 c5 2. Nf3 Nc6 3. d4 cxd4 4. Nxd4 g6 5. Be2 Bg7 6. Nb3 Nf6 7. Nc3 O-O
8. O-O d6 9. Re1 Be6 10. Bf1 d5 11. Nc5 Nxe4 12. Nxe6 fxe6 13. Nxe4 dxe4
14. Qg4 Qd5 15. Rxe4 Qf5 16. Be3 Ne5 17. Qxf5 exf5 18. Rb4 b6 19. c3 Rfd8
20. f3 Rd6 21. Rd4 Rad8 22. Re1 Kf8 23. Rxd6 exd6 24. Rd1 Bf6 25. a4 Be7
26. h3 d5 27. b4 Nc4 28. Bd4 Kf7 29. Kf2 Rd6 30. f4 Rd7 31. Kf3 Nb2 32. Re1
Bf6 33. Bb5 Rd8 34. g4 a6 35. Bxa6 Nxa4 36. gxf5 gxf5 37. Bd3 Nxc3 38. Bxb6
Rb8 39. Bc7 Rb7 40. Ba5 Ne4 41. Ba6 Rb8 42. b5 Bc3 43. Bxc3 Nxc3 44. Re5
Kf6 45. b6 Rxb6 46. Bc8 Rb3 47. Rxf5+ Kg6 48. Rg5+ Kf6 49. Kg4 d4 50. Rf5+
Kg6 51. Re5 Rb5 52. Bf5+ Kg7 53. Re7+ Kf6 54. Re6+ Kg7 55. Bd3 h5+ 56. Kh4
Ra5 57. Rg6+ Kf7 58. Rd6 Nd1 59. Bg6+ Kg7 60. Bxh5 Ne3 61. Bg4 Rd5 62. Re6
Nf5+ 63. Bxf5 Rxf5 64. Kg4 Rd5 65. Re5 Rxe5 66. fxe5 Kf7 67. h4 Ke6 1/2-1/2

[Event "22nd Open"]
[Site "Cappelle la Grande FRA"]
[Date "2006.02.20"]
[Round "3"]
[White "Sarakauskas,G"]
[Black "Azarov,S"]
[Result "1/2-1/2"]
[WhiteElo "2453"]
[BlackElo "2581"]
[EventDate "2006.02.18"]

1. e4 e5 2. Nf3 Nc6 3. Bc4 Bc5 4. d3 Nf6 5. O-O d6 6. c3 a6 7. Bb3 Ba7 8.
Nbd2 O-O 9. h3 Nh5 10. Nxe5 Nxe5 11. Qxh5 Nxd3 12. Nf3 Qf6 13. Bg5 Qg6 14.
Qxg6 hxg6 15. Rad1 Nc5 16. Bc2 f6 17. Be3 Be6 18. b4 Nd7 19. Bxa7 Rxa7 20.
Bb3 Re8 21. Rfe1 Nb6 22. Bxe6+ Rxe6 23. Nd4 Re7 24. Nb3 Nc4 25. Na5 Nxa5
26. bxa5 Ra8 27. Rd4 Rd8 28. f4 f5 29. e5 Rde8 30. Rb1 dxe5 31. fxe5 Rxe5
32. Rxb7 Rc5 33. Rd7 Rxc3 34. Rbxc7 Rxc7 35. Rxc7 Re5 36. a4 Rxa5 37. Rc4
g5 38. Kf2 Kf7 39. Kf3 Kf6 40. g4 g6 41. Rc6+ Kg7 42. Rc7+ Kh6 43. Rc4 Rd5
44. Rc6 a5 45. Ra6 Re5 46. Ra7 Rc5 47. Kf2 Rc2+ 48. Kg1 fxg4 49. hxg4 Rc4
50. Rxa5 Rxg4+ 51. Kh2 Rb4 52. Rb5 Rxa4 53. Kg3 Kh5 54. Rb3 g4 55. Rb5+ g5
56. Rb3 Ra8 57. Rc3 Rf8 58. Rc7 Rf3+ 59. Kg2 Ra3 60. Rh7+ Kg6 61. Rb7 g3
62. Rb4 Kh5 63. Rc4 Re3 64. Ra4 Kg6 65. Ra5 1/2-1/2

[Event "22nd Open"]
[Site "Cappelle la Grande FRA"]
[Date "2006.02.20"]
[Round "3"]
[White "Baklan,V"]
[Black "Hasangatin,R"]
[Result "1/2-1/2"]
[WhiteElo "2601"]
[BlackElo "2460"]
[EventDate "2006.02.18"]

1. e4 d5 2. exd5 Qxd5 3. Nc3 Qd6 4. d4 c6 5. Bg5 h6 6. Bh4 Nf6 7. Qd3 Bg4
8. Nge2 Bxe2 9. Bxe2 e6 10. Bxf6 gxf6 11. Ne4 Qd8 12. O-O f5 13. Ng3 Nd7
14. Rfe1 Nf6 15. Bf3 Be7 16. c4 Kf8 17. Rad1 Qb6 18. Qe2 Re8 19. a3 a5 20.
Rd3 Rg8 21. Qd2 Rg5 22. Ne2 c5 23. h4 Rg7 24. dxc5 Qxc5 25. Qxh6 Qxc4 26.
Rc3 Qb5 27. Rc7 Ng8 28. Qc1 Bxh4 29. Rxb7 Qe5 30. Ng3 Qd4 31. Rd1 Qe5 32.
Re1 Qd6 33. Nh5 Rh7 34. Qc7 Be7 35. Qxd6 Bxd6 36. Rd1 Be7 37. b4 axb4 38.
axb4 Nf6 39. Nxf6 Bxf6 40. b5 Rh4 41. Rb1 Kg7 42. Rd7 Rd4 43. Rxd4 Bxd4 44.
b6 Rd8 45. b7 Ba7 46. Ra1 Bb8 47. Rc1 Kf6 48. Rc8 Ke7 49. g4 Kd7 50. Bc6+
Ke7 51. Kg2 Ba7 52. Kh3 Bb8 53. Kh4 Be5 54. Kg5 Bb8 55. f4 Ba7 56. Ba4 Bb8
57. Bb5 Bd6 58. Rxd8 Kxd8 59. Kf6 Kc7 60. Bc6 Kb8 61. Kxf7 e5 62. Ke6
1/2-1/2

[Event "22nd Open"]
[Site "Cappelle la Grande FRA"]
[Date "2006.02.20"]
[Round "3"]
[White "Danielian,O"]
[Black "Aloma Vidal,R"]
[Result "1/2-1/2"]
[WhiteElo "2518"]
[BlackElo "2264"]
[EventDate "2006.02.18"]

1. d4 Nf6 2. c4 e6 3. Nf3 b6 4. a3 Bb7 5. Nc3 d5 6. Bg5 Be7 7. e3 O-O 8.
Qc2 Nbd7 9. cxd5 Nxd5 10. Bxe7 Nxe7 11. Rd1 Qc8 12. Bd3 h6 13. O-O c5 14.
dxc5 Nxc5 15. Bh7+ Kh8 16. b4 Nd7 17. Bd3 Bxf3 18. gxf3 Ne5 19. f4 Nf3+ 20.
Kg2 Nh4+ 21. Kh1 e5 22. Be4 Qh3 23. Qe2 Rac8 24. Nb5 f5 25. Bb7 e4 26. f3
Rb8 27. Rd7 Rxb7 28. Rxb7 exf3 29. Rxf3 Nxf3 30. Rxe7 Rc8 31. Nc7 Rd8 32.
Re8+ Rxe8 33. Nxe8 Qg4 34. Qg2 Ne1 35. Qxg4 fxg4 36. Nd6 Nc2 37. Nc8 Nxa3
38. Nxa7 Nc2 39. Nc8 b5 40. Nd6 Nxb4 41. Nxb5 Nd5 42. h3 gxh3 43. Kh2 Nxe3
44. Kxh3 Kh7 45. Kg3 Kg6 46. Kf3 Nf5 47. Nc7 Kh5 48. Ne6 Kh4 49. Nf8 Kh3
50. Ne6 h5 51. Ng5+ Kh2 52. Ke4 g6 53. Kf3 Nd4+ 54. Ke4 Ne2 55. Ke5 Kg3 56.
f5 gxf5 57. Kxf5 Nc3 58. Nf3 Ne2 59. Kg5 Nf4 60. Nh4 Kh3 61. Nf5 1/2-1/2

[Event "22nd Open"]
[Site "Cappelle la Grande FRA"]
[Date "2006.02.20"]
[Round "3"]
[White "Nijboer,F"]
[Black "Porat,S"]
[Result "1-0"]
[WhiteElo "2571"]
[BlackElo "2444"]
[EventDate "2006.02.18"]

1. e4 e6 2. d4 d5 3. Nc3 Nf6 4. e5 Nfd7 5. f4 c5 6. Nf3 Nc6 7. Be3 cxd4 8.
Nxd4 Qb6 9. Qd2 Qxb2 10. Rb1 Qa3 11. Bb5 Nxd4 12. Bxd4 Bb4 13. Rb3 Qa5 14.
a3 Be7 15. f5 exf5 16. Nxd5 Qxd2+ 17. Kxd2 Bd8 18. c4 a6 19. Ba4 O-O 20.
Kc3 b5 21. cxb5 Bb7 22. Nb4 Nb6 23. Bxb6 Bxb6 24. bxa6 Rfc8+ 25. Kb2 Bd4+
26. Ka2 Bxg2 27. Re1 Be4 28. Bd7 Rc7 29. e6 fxe6 30. Bxe6+ Kf8 31. Bd5 Re8
32. Bxe4 Rxe4 33. Rxe4 fxe4 34. Nd5 Rc6 35. Rb4 Ba7 36. Rxe4 Rc2+ 37. Kb3
Rxh2 38. Re7 Bc5 39. a7 Bxa7 40. Rxa7 h5 41. Nf4 Kg8 42. Ra5 h4 43. Rh5 Kf7
44. Rf5+ Kg8 45. a4 Rf2 46. Ng6 Rxf5 47. Ne7+ Kf7 48. Nxf5 Ke6 49. Nxh4 g5
50. Ng2 g4 51. Kc4 Kd7 52. Ne3 g3 53. Kd3 Kc6 54. Ke2 Kc5 55. a5 g2 56. Kf2
1-0

[Event "22nd Open"]
[Site "Cappelle la Grande FRA"]
[Date "2006.02.20"]
[Round "3"]
[White "Nalbandian,T"]
[Black "Simon,O"]
[Result "1-0"]
[WhiteElo "2524"]
[BlackElo "2330"]
[EventDate "2006.02.18"]

1. d4 Nf6 2. Nf3 g6 3. g3 Bg7 4. Bg2 O-O 5. O-O d6 6. Nbd2 Nc6 7. e4 e5 8.
dxe5 dxe5 9. c3 Qe7 10. Qe2 Nd7 11. Nc4 Nb6 12. Ne3 Be6 13. h4 Rad8 14. Ng5
Bc8 15. b4 h6 16. Nf3 Be6 17. a4 Rfe8 18. a5 Nc8 19. b5 Nb8 20. h5 Qd6 21.
Nh4 Kh7 22. Ba3 Qd3 23. Qb2 Qd2 24. hxg6+ fxg6 25. Qb1 Qd3 26. Nd5 Qxb1 27.
Raxb1 Bxd5 28. exd5 Bf8 29. Bxf8 Rxf8 30. Rbe1 Nd7 31. Be4 Rf6 32. f4 Nd6
33. Bxg6+ Rxg6 34. Nxg6 Kxg6 35. fxe5 Nf5 36. e6 Nf6 37. b6 axb6 38. e7 Re8
39. axb6 Rxe7 40. g4 Ne3 41. bxc7 Rxc7 42. Rxe3 Nxd5 43. Re6+ Kg7 44. Rd1
Nf4 45. Re3 Rxc3 46. Rxc3 Ne2+ 47. Kg2 Nxc3 48. Rd3 Ne4 49. Kf3 Ng5+ 50.
Kg3 b5 51. Rd5 Nf7 52. Rxb5 Kf6 53. Kf4 Ke6 54. Rb6+ Nd6 55. Ra6 Kd5 56.
Kg3 1-0

[Event "22nd Open"]
[Site "Cappelle la Grande FRA"]
[Date "2006.02.20"]
[Round "3"]
[White "Landenbergue,C"]
[Black "Hebden,M"]
[Result "1/2-1/2"]
[WhiteElo "2419"]
[BlackElo "2514"]
[EventDate "2006.02.18"]

1. e4 e5 2. Bc4 Nf6 3. d3 Nc6 4. Nf3 Be7 5. O-O O-O 6. Re1 d6 7. c3 Na5 8.
Bb5 a6 9. Ba4 b5 10. Bc2 c5 11. Nbd2 Re8 12. Nf1 g6 13. Ng3 Bf8 14. h3 Bg7
15. d4 cxd4 16. cxd4 exd4 17. Nxd4 Qb6 18. Nf3 Nd7 19. Be3 Qc7 20. Bd4 Ne5
21. Nxe5 dxe5 22. Bc3 Be6 23. Nf1 Red8 24. Bxa5 Qxa5 25. Qf3 Bh6 26. Bb3
Bc4 27. Ne3 Bxe3 28. Qxe3 Rd4 29. Rac1 Rad8 30. Qg5 Re8 31. Rc3 Qb4 32. a3
Qd6 33. Bxc4 bxc4 34. Qe3 Rb8 35. Rec1 Rd3 36. Qh6 Rd1+ 37. Rxd1 Qxd1+ 38.
Kh2 Qe2 39. Qe3 Qxe3 40. fxe3 Rxb2 41. Rxc4 Rb3 42. Rc5 Rxe3 43. Rxe5 Rxa3
44. Re8+ Kg7 45. e5 a5 46. e6 f5 47. e7 Kf7 48. Rh8 Kxe7 49. Rxh7+ Kf6 50.
h4 f4 51. Ra7 Ra1 52. Kh3 Ke5 53. Re7+ Kd4 54. Re6 Rh1+ 1/2-1/2

[Event "22nd Open"]
[Site "Cappelle la Grande FRA"]
[Date "2006.02.20"]
[Round "3"]
[White "Klovans,J"]
[Black "Malakhatko,V"]
[Result "0-1"]
[WhiteElo "2440"]
[BlackElo "2556"]
[EventDate "2006.02.18"]

1. e4 c6 2. d4 d5 3. Nc3 dxe4 4. Nxe4 Bf5 5. Ng3 Bg6 6. h4 h6 7. Nf3 Nd7 8.
h5 Bh7 9. Bd3 Bxd3 10. Qxd3 e6 11. Bd2 Ngf6 12. O-O-O Be7 13. Kb1 O-O 14.
Ne4 Nxe4 15. Qxe4 Nf6 16. Qe2 Qd5 17. c4 Qe4+ 18. Qxe4 Nxe4 19. Be3 Rfd8
20. Ne5 Nd6 21. g4 f6 22. Ng6 Bf8 23. Rc1 Nf7 24. Rhe1 Bd6 25. Rcd1 Bc7 26.
f4 Re8 27. Bd2 Nd6 28. b3 f5 29. g5 Ne4 30. Rxe4 fxe4 31. Re1 hxg5 32. fxg5
e5 33. dxe5 Bxe5 34. Rxe4 Bd6 35. Rd4 Rad8 36. Kc2 Bc5 37. Rxd8 Rxd8 38.
Nf4 Be7 39. Nd3 Bd6 40. h6 gxh6 41. gxh6 Kh7 42. Be3 a6 43. a4 Re8 44. Kd2
Bf8 45. a5 Re4 46. Bf4 Be7 47. Kd1 Kg6 48. Bd2 Rh4 49. Kc2 Kf5 50. Nb2 Rh2
51. Kd3 Rh5 52. Kc2 Bf6 53. Na4 Bd4 0-1

[Event "22nd Open"]
[Site "Cappelle la Grande FRA"]
[Date "2006.02.20"]
[Round "3"]
[White "Ovetchkin,R"]
[Black "Szymanski,M"]
[Result "1-0"]
[WhiteElo "2539"]
[BlackElo "2409"]
[EventDate "2006.02.18"]

1. e4 e6 2. d4 d5 3. exd5 exd5 4. Bd3 Nc6 5. c3 Bd6 6. Nf3 Bg4 7. O-O Nge7
8. Re1 Qd7 9. Nbd2 O-O-O 10. b4 Rde8 11. Nf1 f6 12. a4 g5 13. a5 Nd8 14. b5
Ng6 15. Rxe8 Rxe8 16. Ne3 Be6 17. b6 a6 18. c4 dxc4 19. Nxc4 Bxc4 20. Bxc4
g4 21. Nd2 Nf4 22. Bf1 Nc6 23. Nc4 Nd5 24. Nxd6+ cxd6 25. Bb2 Kb8 26. g3
Nde7 27. Qd2 Ng6 28. Re1 Rxe1 29. Qxe1 f5 30. Bc3 f4 31. Bd3 Qf7 32. Qe4
Nce7 33. Bb4 Nc8 34. d5 Qf6 35. Qe6 Qa1+ 36. Bf1 Qe5 37. Qxe5 Nxe5 38. gxf4
Nf7 39. Bd3 Ne7 40. Bxh7 Nxd5 41. Bd2 Ne7 42. Kg2 Kc8 43. Kg3 Kd7 44. Kxg4
Ke6 45. f3 Nh6+ 46. Kg5 Nf7+ 47. Kh5 d5 48. h4 Nd6 49. Kg5 Nf7+ 50. Kg4
Nh6+ 51. Kh3 Nhf5 52. h5 1-0

[Event "22nd Open"]
[Site "Cappelle la Grande FRA"]
[Date "2006.02.20"]
[Round "3"]
[White "Chabanon,JL"]
[Black "Van Hoolandt,P"]
[Result "1-0"]
[WhiteElo "2411"]
[BlackElo "2174"]
[EventDate "2006.02.18"]

1. d4 Nf6 2. Nf3 e6 3. c4 Bb4+ 4. Bd2 Qe7 5. g3 Nc6 6. Nc3 O-O 7. Bg2 Bxc3
8. Bxc3 Ne4 9. Rc1 d6 10. d5 Nd8 11. O-O f5 12. Nd2 Nxc3 13. Rxc3 e5 14. c5
Nf7 15. cxd6 cxd6 16. Qb3 b6 17. Rfc1 Bd7 18. Rc7 Rfc8 19. Qa3 g6 20. R1c3
a6 21. Rxc8+ Bxc8 22. Rc6 b5 23. Qa5 Bb7 24. Rc7 Qd8 25. b4 Rb8 26. e4 Bc8
27. Nb3 Rb7 28. Rc1 Rb8 29. Qxd8+ Nxd8 30. Rc7 fxe4 31. Bxe4 Ra8 32. f3 Nf7
33. h4 Bf5 34. Na5 Rc8 35. Rc6 Ra8 36. Nb7 Bd7 37. Rc7 Be8 38. Na5 Kf8 39.
Kf2 Kg8 40. g4 Kg7 41. Nc6 Kg8 42. Kg3 Kg7 43. g5 Kg8 44. Kg4 Kf8 45. a3
Kg8 46. h5 gxh5+ 47. Kxh5 Nh8+ 48. Kg4 Nf7 49. Kf5 Kg7 50. Ke6 Kf8 51. Kf6
1-0

[Event "22nd Open"]
[Site "Cappelle la Grande FRA"]
[Date "2006.02.20"]
[Round "3"]
[White "Schoen,Wo"]
[Black "Vazquez,R"]
[Result "0-1"]
[WhiteElo "2415"]
[BlackElo "2513"]
[EventDate "2006.02.18"]

1. Nf3 Nf6 2. g3 b6 3. Bg2 Bb7 4. O-O e6 5. d4 Be7 6. c4 O-O 7. Nc3 Ne4 8.
Bd2 f5 9. Rc1 Bf6 10. d5 Na6 11. Ne1 Nac5 12. f3 Bd4+ 13. Kh1 Nf2+ 14. Rxf2
Bxf2 15. Nc2 Qf6 16. b4 Na6 17. e3 Qh6 18. Ne2 f4 19. exf4 exd5 20. f5 Qf6
21. cxd5 b5 22. Nc3 Qxf5 23. Qe2 Bb6 24. Qxb5 c6 25. Qf1 Nc7 26. d6 Ba6 27.
Qd1 Nd5 28. Ne4 Rae8 29. a4 Qh5 30. a5 Bd8 31. Nd4 Bf6 32. g4 Qe5 33. Nb3
Nf4 34. Rc5 Nd5 35. g5 Bd8 36. Qb1 Be2 37. f4 Rxf4 38. Bxf4 Qxf4 39. Nd4
Bg4 40. h3 Bh5 41. b5 Bg6 42. bxc6 dxc6 43. Nxc6 Bxe4 44. Ne7+ Rxe7 45.
dxe7 Bxg2+ 46. Kg1 Bxe7 47. Rc8+ Bf8 48. Qc1 Bxh3 0-1

[Event "22nd Open"]
[Site "Cappelle la Grande FRA"]
[Date "2006.02.20"]
[Round "3"]
[White "Pruijssers,R"]
[Black "Erenburg,S"]
[Result "1-0"]
[WhiteElo "2319"]
[BlackElo "2573"]
[EventDate "2006.02.18"]

1. e4 c5 2. Nf3 Nc6 3. d4 cxd4 4. Nxd4 Qb6 5. Be3 Qxb2 6. Nb3 Qe5 7. N1d2
Nf6 8. f4 Qc3 9. Bd3 d6 10. Qf3 Ng4 11. Bg1 Be6 12. Bb5 Qxf3 13. gxf3 Nf6
14. Na5 Bd7 15. Nxb7 a6 16. Bxc6 Bxc6 17. Na5 Ba4 18. Ndc4 Nd7 19. Nb2 Bxc2
20. Kd2 Bxe4 21. fxe4 g6 22. Bd4 e5 23. Bc3 Nc5 24. Rae1 Bh6 25. Nd3 Nxd3
26. Kxd3 Bxf4 27. Nc4 O-O 28. Nb6 Ra7 29. Rb1 f5 30. Nd5 Rc8 31. exf5 gxf5
32. Nxf4 exf4 33. Rhf1 Rac7 34. Bd4 Rc2 35. Rb2 Rxb2 36. Bxb2 Kf7 37. Rxf4
Ke6 38. Rh4 Rc7 39. Rh6+ Kd5 40. Rf6 Rb7 41. Bc3 Rb1 42. Rxf5+ Kc6 43. Ra5
Rd1+ 44. Ke2 Rc1 45. Bd2 Rg1 46. Rxa6+ Kb7 47. Ra7+ 1-0